| 000 | 00978nam a2200277 4500 | ||
|---|---|---|---|
| 003 | OSt | ||
| 005 | 20260601171002.0 | ||
| 008 | 260506b2011\\\\sz\a||||\||||\00|\0\eng\d | ||
| 020 | _a978940411306 | ||
| 020 | _a9782940439775 | ||
| 040 |
_aICI _bspa _cICI |
||
| 041 | _aeng | ||
| 050 |
_aNK1520 _bC45 |
||
| 100 | 1 |
_aChick, Anne, _eautor _931578 |
|
| 245 | 1 |
_aDesign for sustainable change : _bhow design and designers can drive the sustainability agenda : required reading range course reader / _cAnne Chick, Paul Micklethwaite |
|
| 264 |
_aLausanne, Switzerland : _bAva Publishing, _c2011 |
||
| 300 |
_a183 páginas : _bilustraciones |
||
| 336 |
_atexto _2rdacontent |
||
| 337 |
_asin medio _2rdamedia |
||
| 338 |
_avolumen _2rdacarrier |
||
| 650 |
_aDiseño sustentable _xEstudio y enseñanza _931579 |
||
| 650 |
_aSustentabilidad _xEstudio y enseñanza _931580 |
||
| 650 |
_aDiseño _xAspectos sociales |
||
| 700 | 1 |
_aMicklethwaite, Paul, _eautor _931582 |
|
| 942 |
_2lcc _cB _n1 |
||
| 999 |
_c20111 _d20111 |
||